Catálogo
 En Linea

The importance of islets of Langerhans for modern endocrinology / (Registro nro. 11323)

Detalles MARC
000 -CABECERA
campo de control de longitud fija 00982cam a2200277 a 4500
001 - NÚMERO DE CONTROL
campo de control 000011630
005 - FECHA Y HORA DE LA ÚLTIMA TRANSACCIÓN
campo de control 20200929162516.0
008 - DATOS DE LONGITUD FIJA--INFORMACIÓN GENERAL
campo de control de longitud fija 831117s1984 nyua b 101 0 eng
020 ## - NÚMERO INTERNACIONAL ESTÁNDAR DEL LIBRO
Número Internacional Estándar del Libro 0890049394
035 ## - NÚMERO DE CONTROL DEL SISTEMA
Número de control de sistema (DLC) 83043267
040 ## - FUENTE DE LA CATALOGACIÓN
Centro catalogador/agencia de origen DO-SdBNP
Lengua de catalogación spa
Centro/agencia transcriptor BNPHU
Centro/agencia modificador DLC
082 ## - NÚMERO DE LA CLASIFICACIÓN DECIMAL DEWEY
Número de clasificación 616.462
Número de documento/Ítem W926i
049 ## - FONDOS LOCALES (OCLC)
Fondos de biblioteca BNGR
111 1# - ENTRADA PRINCIPAL--NOMBRE DE CONGRESO/REUNIÓN
Nombre de congreso/reunión o jurisdicción como elemento de entrada Workshop Conference Hoechst
Número del congreso/reunión o número de parte o sección (12ra. :
Fecha del congreso/reunión 1982 :
Sede del congreso/Lugar de la reunión Schloss Reisenburg)
9 (RLIN) 27537
245 14 - MENCIÓN DE TÍTULO
Título The importance of islets of Langerhans for modern endocrinology /
Mención de responsabilidad, etc. editores Konrad F. Federlin y Josef Scholtholt.
260 ## - PUBLICACIÓN, DISTRIBUCIÓN, ETC.
Lugar de publicación, distribución, etc. New York :
Nombre del editor, distribuidor, etc. Raven Press,
Fecha de publicación, distribución, etc. 1984.
300 ## - DESCRIPCIÓN FÍSICA
Extensión xi, 239 p. :
Otras características físicas ill. ;
Dimensiones 25 cm.
490 1# - MENCIÓN DE SERIE
Mención de serie talleres de Hoechst
504 ## - NOTA DE BIBLIOGRAFÍA, ETC.
Nota de bibliografía, etc. Incluye bibliografía e índice.
650 #4 - PUNTO DE ACCESO ADICIONAL DE MATERIA--TÉRMINO DE MATERIA
Término de materia o nombre geográfico como elemento de entrada Diabetes
Subdivisión general Congresos
9 (RLIN) 27538
650 #4 - PUNTO DE ACCESO ADICIONAL DE MATERIA--TÉRMINO DE MATERIA
Término de materia o nombre geográfico como elemento de entrada Diabetes mellitus
Subdivisión general Congresos
9 (RLIN) 27539
700 1# - PUNTO DE ACCESO ADICIONAL--NOMBRE DE PERSONA
Nombre de persona Federlin, K.,
Término indicativo de función/relación ed.
9 (RLIN) 27540
700 1# - PUNTO DE ACCESO ADICIONAL--NOMBRE DE PERSONA
Nombre de persona Scholtholt, Josef,
Término indicativo de función/relación ed.
9 (RLIN) 27541
830 #0 - PUNTO DE ACCESO ADICIONAL DE SERIE-TÍTULO UNIFORME
Título uniforme talleres de Hoechst
9 (RLIN) 27542
910 ## - DATOS DE OPCIÓN DEL USUARIO (OCLC)
Datos de opción del usuario Catalogación por copia / LC
Existencias
Estado de retiro Estado de pérdida Restricciones de uso No para préstamo Código de colección Localización permanente Ubicación/localización actual Ubicación en estantería Fecha de adquisición Número de inventario Total de préstamos Signatura topográfica completa Código de barras Fecha visto por última vez Precio válido a partir de Tipo de ítem Koha Número de copia
    Préstamo interno   Monografías: Libros y Folletos General General En catalogación 21.10.2009 LF1   616.462 W926i 11630-10 25.06.2020 25.06.2020 Préstamo interno  
    Préstamo restringido Préstamo restrigido Monografías: Libros y Folletos General General En catalogación 21.10.2009 LF1   616.462 W926i 11630-20 25.06.2020 25.06.2020 Préstamo interno e.2

Con tecnología Koha